Aesthetics Of Karnatak Music (Record no. 1311743)

MARC details
000 -LEADER
fixed length control field 00533nam a2200205Ia 4500
005 - DATE AND TIME OF LATEST TRANSACTION
control field 20250505145739.0
008 - FIXED-LENGTH DATA ELEMENTS--GENERAL INFORMATION
fixed length control field 008 250505s9999 xx 000 0 eng d
037 ## - SOURCE OF ACQUISITION
Stock number Textbook
040 ## - CATALOGING SOURCE
Original cataloging agency FML
Language of cataloging eng
Transcribing agency FML
041 ## - LANGUAGE CODE
Language code of text/sound track or separate title eng
Source of code eng
084 ## - COLON CLASSIFICATION NUMBER
Classification number NR4413 P6
Assigning agency FML
100 ## - MAIN ENTRY--PERSONAL NAME
Personal name Krishna, Lalita Rama
245 #0 - TITLE STATEMENT
Title Aesthetics Of Karnatak Music
260 ## - PUBLICATION, DISTRIBUTION, ETC.
Place of publication, distribution, etc. Delhi
Name of publisher, distributor, etc. B.R. Phythm
Date of publication, distribution, etc. 2016
300 ## - PHYSICAL DESCRIPTION
Extent 151p
365 ## - TRADE PRICE
Price type code INR
Price amount 800
650 ## - SUBJECT ADDED ENTRY--TOPICAL TERM
Topical term or geographic name entry element Music
942 ## - ADDED ENTRY ELEMENTS (KOHA)
Koha item type Textbook
Classification part NR4413 P6
Holdings
Withdrawn status Lost status Damaged status Not for loan Home library Current library Date acquired Source of acquisition Cost, normal purchase price Inventory number Total Checkouts Full call number Barcode Date last seen Price effective from Koha item type
        Department of Music Library Department of Music Library 2025-05-05 Garima pub. 800.00 3130 23-09-2024   NR4413 P6 MU0017173 2025-05-05 2025-05-05 Textbook
Copyright @ Delhi University Library System